LEADER 01617nam a2200289 i 4500 001 000000008204 003 CaOOAMICUS 005 20211215094404.0 008 180830s18851887it u000 u ita u 040 $aSeMil$bita 100 1 $aAlighieri, Dante,$d<1265-1321>.$0(OLS)http://semarc/name/453 245 10$aDizionario dantesco :$bdi quanto si contiene nelle opere di Dante Allighieri, con richiami alla Somma teologica di S. Tommaso D'Aquino : coll'illustrazione dei nomi proprj mitologici, storici, geografici e delle questioni piu controverse /$ccompilato dal prof. d. Giacomo Poletto. 264 1$aSiena :$bTip. all'ins. S. Bernardino,$c1885-1887. 300 $a7 v. ;$c20 cm. 650 4$aAlighieri, Dante <1265-1321> - Enciclopedie e dizionari.$0(OLS)http://semarc/subject/219 650 4$aAlighieri, Dante <1265-1321> - Influssi di Tommaso d'Aquino - Ed. ante 1900.$0(OLS)http://semarc/subject/44725 700 1 $aPoletto, Giacomo.$0(OLS)http://semarc/name/4174 774 0 $tA-B-C.$g1$w()76202 774 0 $tG-H-I.$g3$w()204648 774 0 $tD-E-F.$g2$w()204649 774 0 $tL-M-N.$g4$w()204650 774 0 $tO-P-Q.$g5$w()204651 774 0 $tR-S.$g6$w()204652 774 0 $tT-U-V-X-Z.$g7$w()204653 996 $6245$aDizionario dantesco :$bdi quanto si contiene nelle opere di Dante Allighieri, con richiami alla Somma teologica di S. Tommaso D'Aquino : coll'illustrazione dei nomi proprj mitologici, storici, geografici e delle questioni piu controverse$9(OLS)http://semarc/title/10915 996 $6264$aSiena :$bTip. all'ins. S. Bernardino$9(OLS)http://semarc/publisher/32238 LEADER 01240nam a2200205 i 4500 001 000000065249 003 CaOOAMICUS 005 20130809000000.0 008 130809s1672 xx u000 u lat u 013 $a36421 026 $ar-r- u-ta s,o- diet (3) 1672 (R) 040 $aSeMil$bita 245 10$a[Tomus 1]. 300 $a[48], 624 [i.e. 612], [16] p. :$bantip. calcogr. 500 $aAntip. calcogr. sottoscritta: Patigny fecit. - Segn. : a6 e6 a-c4 A-4K4. - Errori nella numerazione delle pp. 700 1 $aPatigny, Jean .$0(OLS)http://semarc/name/32812 773 0 $aDuns Scotus, Ioannes $tScotus academicus, seu Universa doctoris subtilis theologica dogmata, quae ad nitidam ac solidam, Academiae Parisiensis docendi methodum concinnavit; ... ditavit & ampliavit; ut eodem opere, theologum subtilitate; concionatorem facundiā, & ecclesiasticae historiae studiosum animi oblectatione uberrimč reficiat, & illustret R.P. Claudius Frassen.$dParisiis : Apud Edmudum Couterot, via Iacobaea ad insigne boni Pastoris, 1672-1677.$g1$w()28711 850 $aSeMil 852 $aSeMil$W1$xVenegono$y1$m2M VI 51 FA$j31402$B31402$CSeMilBibl$Z2$F31405 $8I 996 $6245$a[Tomus 1]$9(OLS)http://semarc/title/76787